|
|
|
|
| LEADER |
00000nam0a2200000 4500 |
| 001 |
350435 |
| 005 |
20231102010312.0 |
| 035 |
|
|
|a (RuTPU)RU\TPU\retro\4522
|
| 090 |
|
|
|a 350435
|
| 100 |
|
|
|a 20190201d1904 km y0rusy50 ca
|
| 101 |
0 |
|
|a rus
|
| 102 |
|
|
|a RU
|
| 105 |
|
|
|a a z 001zy
|
| 200 |
1 |
|
|a По золоторудному району. Из дневника поездки 1903 года
|e [оттиск статьи]
|f А. М. Зайцев
|
| 210 |
|
|
|a Санкт-Петербург
|c Типо-Литография "Якорь"
|d 1904
|
| 215 |
|
|
|a 22 с.
|c 6 рис., 6 черт.
|
| 225 |
1 |
|
|a Вестник Золотопромышленности
|
| 300 |
|
|
|a Напечатано гражданским шрифтом
|
| 300 |
|
|
|a Отд. оттиск из журн. "Вестник Золотопромышленности"
|
| 316 |
|
|
|5 63413507: 26//3152
|a На титульном листе надпись: "По счету А. Ф. Тове 20.Х.1918 г."
|
| 317 |
|
|
|5 63413507: 26//3152
|a Поступила в НТБ в 1918 г. в составе книжного собрания профессора ТТИ Л. Л. Тове
|
| 320 |
|
|
|a Библиогр. в тексте
|
| 606 |
1 |
|
|a Золоторудные месторождения
|y Восточная Сибирь
|2 stltpush
|3 (RuTPU)RU\TPU\subj\71306
|9 85267
|
| 610 |
1 |
|
|a Ачинско-Минусинский золотоносный район
|
| 610 |
1 |
|
|a геологические исследования
|
| 610 |
1 |
|
|a наблюдения
|
| 610 |
1 |
|
|a маршруты
|
| 610 |
1 |
|
|a шахты
|
| 610 |
1 |
|
|a ключи
|
| 610 |
1 |
|
|a рудники
|
| 610 |
1 |
|
|a характеристики
|
| 610 |
1 |
|
|a жилы
|
| 610 |
1 |
|
|a тайга
|
| 610 |
1 |
|
|a выводы
|
| 610 |
1 |
|
|a оттиски
|
| 610 |
1 |
|
|a надписи
|
| 610 |
1 |
|
|a коллекция Л. Л. Тове
|
| 675 |
|
|
|a 553.411(571.5)
|v 3
|
| 700 |
|
1 |
|a Зайцев
|b А. М.
|c российский геолог
|c доктор минералогии и геогнозии
|c профессор Томского государственного университета
|f 1856-1921
|g Алексей Михайлович
|2 stltpush
|3 (RuTPU)RU\TPU\pers\13869
|
| 801 |
|
1 |
|a RU
|b 63413507
|c 20190201
|
| 801 |
|
2 |
|a RU
|b 63413507
|c 20190201
|g RCR
|
| 942 |
|
|
|c BK
|